| 000 | 02273cgm a2200457Ia 4500 | ||
|---|---|---|---|
| 003 | data | ||
| 005 | 20260322212026.0 | ||
| 007 | data | ||
| 008 | data | ||
| 020 | _a9781603994934 | ||
| 020 | _a1603994939 | ||
| 028 | 4 | 2 |
_a826663-12227 _bShout! Factory |
| 033 | 0 | 0 |
_a19820820 _b4954 _cL3 |
| 040 |
_aIND _cIND _dBGU _dIKG _dTEF _dCPL _dOCLCA _dBGU |
||
| 050 | 4 |
_aM1630.18 _b.S56 2010 |
|
| 082 | 0 | 4 |
_a781.640973 _222 |
| 099 | _aDVD 749 | ||
| 245 | 1 | 0 |
_aSinatra _h[videorecording] : _bconcert for the Americas / _cFrank Sinatra ... [et al.]. |
| 246 | 3 | 0 | _aConcert for the Americas. |
| 246 | 0 |
_iTitle on container: _aFrank Sinatra : _bconcert for the Americas. |
|
| 260 |
_aLos Angeles, CA : _bShout! Factory, _cc2010. |
||
| 300 |
_a1 videodisc (ca. 90 min.) : _bsd., col. ; _c4 3/4 in. |
||
| 500 | _aPopular songs. | ||
| 500 | _aOriginally produced in 1990. | ||
| 505 | 0 | 0 |
_tTheme from New York, New York. _tI get a kick out of you -- _tCome rain or come shine -- _tWhen your lover has gone -- _tThe lady is a tramp -- _tThe house I live in -- _gPrologue ; _tJet song _r(with Tony Mottola, guitar) -- _tSearching -- _tMy kind of town -- _tSomething -- _tThe best is yet to come -- _tStrangers in the night -- _tAll or nothing at all -- _tThe gal that got away ; _tIt never entered my mind -- _tI've got you under my skin -- _tSend in the clowns _r(with Tony Mottola, guitar) -- _tQuiet night of quiet stars = _tCorcovado _r(with Tony Mottola, guitar) -- _tI won't dance -- _tTheme from New York, New York. |
| 508 | _aWriter, Gary Belkin. | ||
| 511 | 0 | _aFrank Sinatra, vocals; Buddy Rich Orchestra; Vincent Falcone, Jr., conductor. | |
| 518 | _aRecorded Aug. 20, 1982, at the Altos de Chavón Amphitheatre, La Romana, Dominican Republic, for television broadcast on Nov. 11, 1982. | ||
| 538 | _aDVD; region 1, NTSC; aspect ratio 4:3; Dolby Digital 5.1, 2.0 stereo. | ||
| 650 | 0 |
_aPopular music _y1981-1990. |
|
| 655 | 0 | _aConcert television programs. | |
| 700 | 1 |
_aSinatra, Frank, _d1915-1998. _4prf. |
|
| 700 | 1 |
_aMiller, Walter C. _4drt. |
|
| 700 | 1 |
_aHarrison, Jerry. _4pro. |
|
| 700 | 1 |
_aFalcone, Vincent. _4cnd. |
|
| 700 | 1 |
_aRich, Buddy, _d1917-1987. _4prf. |
|
| 700 | 1 |
_aMottola, Tony. _4prf. |
|
| 710 | 2 |
_aBuddy Rich Orchestra. _4prf. |
|
| 710 | 2 | _aShout! Factory (Firm) | |
| 001 | data | ||
| 999 |
_c583 _d583 |
||